[Event "Udaipur Lakecity op 3rd"]
[Site "Udaipur"]
[Date "2019.03.30"]
[Round "5"]
[White "Nanda, Kumar TS"]
[Black "Rajesh, VAV"]
[Result "1/2-1/2"]
[WhiteElo "1846"]
[BlackElo "2413"]
[PlyCount "77"]
[EventDate "2019.03.28"]
[EventType "swiss"]
[EventRounds "8"]
[EventCountry "IND"]
[SourceTitle "CBM 189 Extra"]
[Source "ChessBase"]
[SourceDate "2019.06.03"]
[SourceVersion "1"]
[SourceVersionDate "2019.06.03"]
[SourceQuality "1"]

1. e4 e5 2. Nf3 Nc6 3. d4 exd4 4. Bc4 Nf6 5. 0-0 d6 6. Nxd4 Be7 7. Nc3 0-0 8. Nxc6 bxc6 9. Bf4 Nd7 10. Re1 Bf6 11. Qd2 Rb8 12. Rad1 Re8 13. b3 g6 14. Be3 Nb6 15. Bf1 Bb7 16. Bd4 Bxd4 17. Qxd4 c5 18. Qd2 Qf6 19. Nd5 Bxd5 20. exd5 Rxe1 21. Rxe1 Qd4 22. Qxd4 cxd4 23. Re4 Nxd5 24. Rxd4 Nb4 25. Rc4 c5 26. a3 Nc6 27. f4 Rc8 28. Kf2 Kf8 29. g3 Ke7 30. b4 Nd4 31. bxc5 dxc5 32. c3 Ne6 33. Ra4 Rc7 34. Bc4 Nf8 35. Bb5 Rb7 36. Bc6 Rc7 37. Bb5 Rb7 38. Bc6 Rc7 39. Bb5 1/2-1/2

[Event "Commonwealth-ch"]
[Site "Chennai"]
[Date "2012.11.26"]
[Round "6"]
[White "Nanda, Kumar TS"]
[Black "Meenakshi, Subbaraman"]
[Result "0-1"]
[WhiteElo "2043"]
[BlackElo "2296"]
[PlyCount "112"]
[EventDate "2012.11.23"]
[EventType "swiss"]
[EventRounds "11"]
[EventCountry "IND"]
[SourceTitle "CBM 151 Extra"]
[Source "ChessBase"]
[SourceDate "2012.12.18"]
[SourceVersion "1"]
[SourceVersionDate "2012.12.18"]
[SourceQuality "1"]

1. e4 e5 2. Nf3 Nc6 3. d4 exd4 4. Nxd4 Bb4+ 5. c3 Be7 6. Nxc6 bxc6 7. Bc4 Bc5 8. Bxf7+ Kxf7 9. Qh5+ Kf8 10. Qxc5+ Qe7 11. Qxe7+ Kxe7 12. 0-0 Nf6 13. Bg5 h6 14. Bh4 Kf7 15. Nd2 Rb8 16. b3 Re8 17. Rfe1 d6 18. f4 Nd7 19. Bf2 a6 20. Rad1 Nf8 21. f5 Nd7 22. Bg3 Nf6 23. h3 Nd7 24. Nc4 Nb6 25. Rxd6 Nxc4 26. Rxc6 Ne5 27. Rxc7+ Kf8 28. Rc5 Nd3 29. Bxb8 Nxe1 30. Bg3 Nd3 31. Rc7 Nc1 32. Bf2 a5 33. Be3 Ne2+ 34. Kf2 Ba6 35. Ra7 Bd3 36. f6 gxf6 37. Bxh6+ Kg8 38. Ke3 Rd8 39. c4 Nc3 40. c5 Bxe4 41. Bg7 Re8 42. Kf2 Bc6 43. Kf1 Nb5 44. Ra6 Nd4 45. Ra7 Re2 46. Kg1 Rxg2+ 47. Kf1 Re2 48. Kg1 Rg2+ 49. Kf1 Rxg7 50. Rxa5 Rg2 51. b4 Rb2 52. a3 Bb5+ 53. Ke1 Bc6 54. Ra7 f5 55. a4 Rxb4 56. Kf2 f4 0-1

[Event "Commonwealth-ch"]
[Site "Chennai"]
[Date "2012.11.25"]
[Round "4"]
[White "Garcia, Jan Emmanuel"]
[Black "Nanda, Kumar TS"]
[Result "1-0"]
[WhiteElo "2394"]
[BlackElo "2043"]
[PlyCount "65"]
[EventDate "2012.11.23"]
[EventType "swiss"]
[EventRounds "11"]
[EventCountry "IND"]
[SourceTitle "CBM 151 Extra"]
[Source "ChessBase"]
[SourceDate "2012.12.18"]
[SourceVersion "1"]
[SourceVersionDate "2012.12.18"]
[SourceQuality "1"]

1. c4 Nf6 2. g3 g6 3. Bg2 c6 4. e4 d5 5. cxd5 cxd5 6. e5 Ne4 7. Nc3 Nxc3 8. dxc3 Be6 9. Nf3 Bg7 10. Ng5 Bxe5 11. Nxe6 fxe6 12. 0-0 Na6 13. Re1 Qd6 14. Qe2 Bf6 15. Bf4 Qb6 16. Qxe6 Qxe6 17. Rxe6 Rd8 18. Rd1 Kf7 19. Bxd5 Rxd5 20. Rxf6+ exf6 21. Rxd5 Ke6 22. Rd2 b6 23. c4 Rc8 24. b3 Nc5 25. f3 h5 26. h4 a5 27. Rd6+ Kf7 28. Rxb6 Re8 29. Rd6 Re1+ 30. Kf2 Rb1 31. Be3 Rb2+ 32. Rd2 Nd3+ 33. Ke2 1-0